| 000 | 01111nam a2200301Ia 4500 | ||
|---|---|---|---|
| 001 | Para_9301 | ||
| 003 | CHAP | ||
| 008 | 220125s2006 xx 000 0 und d | ||
| 010 | _a208040 | ||
| 040 | _cCHAP | ||
| 090 | _aFOLLETO 3527 | ||
| 100 |
_aCancino, Jorge _918311 |
||
| 245 |
_aControl de calidad en la cría masiva de Diachasmimorpha longicaudata (Hymenoptera : _bBraconidae) : _b fundamentos y procedimentos / _c por Jorge Cancino y otros |
||
| 260 |
_aMéxico, D.F. : _b SAGARPA. Centro de Estadística Agropecuaria \ México, D.F. : _b SAGARPA. Dirección General de Sanidad Vegetal |
||
| 300 | _a54 p. | ||
| 650 |
_aControl biológico de insectos _927582 |
||
| 650 |
_aDiachasmimorpha longicaudata _9174465 |
||
| 650 |
_aHimenópteros _955474 |
||
| 650 |
_aMosca de la fruta _978989 |
||
| 710 |
_aMéxico. Secretaría de Agricultura, Ganadería, Desarrollo Rural, Pesca y Alimentación _977148 |
||
| 901 | _aFOLLETO 3527 | ||
| 902 | _aM | ||
| 905 | _a0000002006 an 0000000000 00 | ||
| 910 | _a2006 | ||
| 942 | _cPARA | ||
| 942 |
_cPARA _d14 |
||
| 999 |
_c208040 _d208040 |
||